Central Library OPAC University of Rajshahi

কলিকাতা সেকালের ও একালের / (Record no. 71313)

MARC details
000 -LEADER
fixed length control field 01399nam a2200277 a 4500
001 - CONTROL NUMBER
control field 71313
003 - CONTROL NUMBER IDENTIFIER
rucl marc code BD-RjUL
005 - DATE AND TIME OF LATEST TRANSACTION
control field 20211209082111.0
008 - FIXED-LENGTH DATA ELEMENTS--GENERAL INFORMATION
fixed length control field 170502r19911985ii a|||| |||| 001 0 ben d
020 ## - INTERNATIONAL STANDARD BOOK NUMBER
Terms of availability : TK. 140.00
035 ## - SYSTEM CONTROL NUMBER
System control number (BD-RjUL)71529
040 ## - CATALOGING SOURCE
Original cataloging agency BD-RjUL
Language of cataloging ben
Transcribing agency BD-RjUL
Modifying agency BD-RjUL
041 ## - LANGUAGE CODE
Language code of text/sound track or separate title ben
082 ## - DEWEY DECIMAL CLASSIFICATION NUMBER
Edition number 23
Classification number 954.147
Author mark and year MUK 1991
100 ## - MAIN ENTRY--PERSONAL NAME
Personal name মুখোপাধ্যায়, হরিসাধন
9 (RLIN) 211033
245 ## - TITLE STATEMENT
Title কলিকাতা সেকালের ও একালের /
Statement of responsibility, etc. হরিসাধন মুখোপাধ্যায়; সম্পাদক, নিশীথরঞ্জন রায়; সহযোগী সম্পাদক, অরবিন্দ ভট্টাচার্য
250 ## - EDITION STATEMENT
Edition statement ৩য় সং. পরিমার্জিত ও পরিবর্ধিত
260 ## - PUBLICATION, DISTRIBUTION, ETC. (IMPRINT)
Place of publication, distribution, etc. কলিকাতা :
Name of publisher, distributor, etc. পি.এম.বাক্‌চি,
Date of publication, distribution, etc. ১৯৮৫ [পুনর্মুদ্রণ ১৯৯১].
300 ## - PHYSICAL DESCRIPTION
Pagination [সাত], ৬৮০ পৃ. :
Illustrations চিত্র. ;
Size ২৪ সেমি.
500 ## - GENERAL NOTE
General note নির্ঘন্ট সংযুক্ত
651 ## - SUBJECT ADDED ENTRY--GEOGRAPHIC NAME
Geographic name ভারত (কলকাতা )
9 (RLIN) 123186
Geographic name India (Kolkata)
9 (RLIN) 123187
700 ## - ADDED ENTRY--PERSONAL NAME
Personal name রায়, নিশীথরঞ্জন
Personal name ভট্টাচার্য, অরবিন্দ
942 ## - ADDED ENTRY ELEMENTS (KOHA)
Source of classification or shelving scheme Dewey Decimal Classification
Koha item type Books
Holdings
Lost status Source of classification or shelving scheme Damaged status Not for loan Collection code Permanent Location Current Location Shelving location Date acquired Source of acquisition Cost, normal purchase price Total Checkouts Full call number Date last seen Copy number Koha item type
  Dewey Decimal Classification   Not For Loan Non-fiction Central Library, University of Rajshahi Central Library, University of Rajshahi Reading Room 09/12/2021 author 140.00   B 954.147 MUK 1991 02/05/2017 C-1 Books